[Event "Oberfranken-ch"]
[Site "Schney"]
[Date "2020.01.05"]
[Round "5"]
[White "Wolf, Pablo"]
[Black "Gorka, Michael"]
[Result "1/2-1/2"]
[WhiteElo "2010"]
[BlackElo "1900"]
[PlyCount "58"]
[EventDate "2020.01.03"]
[EventType "swiss"]
[EventRounds "7"]
[EventCountry "GER"]
[SourceTitle "CBM 194 Extra"]
[Source "ChessBase"]
[SourceDate "2020.03.31"]
[SourceVersion "1"]
[SourceVersionDate "2020.03.31"]
[SourceQuality "1"]

1. e4 c5 2. Nc3 Nc6 3. d3 d6 4. Be3 g6 5. Qd2 Bg7 6. g3 Rb8 7. Bg2 b5 8. f4 b4 9. Nd1 Qb6 10. Nf3 Nd4 11. 0-0 Nxf3+ 12. Bxf3 Bh3 13. Bg2 Bg4 14. e5 Nh6 15. d4 Nf5 16. dxc5 dxc5 17. Qf2 Rc8 18. h3 Bxd1 19. Raxd1 Nxe3 20. Qxe3 0-0 21. Rd7 Rc7 22. Rfd1 Rfc8 23. Kh2 Bf8 24. Rd8 Kg7 25. Qf3 e6 26. h4 Be7 27. Rxc8 Rxc8 28. Qb7 Qxb7 29. Bxb7 Rd8 1/2-1/2

[Event "Oberfranken-ch"]
[Site "Schney"]
[Date "2019.01.05"]
[Round "5"]
[White "Gorka, Michael"]
[Black "Gebhardt, Christian"]
[Result "1/2-1/2"]
[WhiteElo "1883"]
[BlackElo "1906"]
[PlyCount "34"]
[EventDate "2019.01.03"]
[EventType "swiss"]
[EventRounds "7"]
[EventCountry "GER"]
[SourceTitle "CBM 188 Extra"]
[Source "ChessBase"]
[SourceDate "2019.02.26"]
[SourceVersion "1"]
[SourceVersionDate "2019.02.26"]
[SourceQuality "1"]

1. e4 e6 2. d4 d5 3. Nd2 Nf6 4. e5 Nfd7 5. Bd3 c5 6. c3 Nc6 7. Ne2 Qb6 8. Nf3 cxd4 9. cxd4 f6 10. exf6 Nxf6 11. 0-0 Bd6 12. Bf4 Bxf4 13. Nxf4 0-0 14. Re1 Ne4 15. g3 Qxb2 16. Bxe4 dxe4 17. Rxe4 Rd8 1/2-1/2

[Event "Oberfranken-ch"]
[Site "Schney"]
[Date "2019.01.05"]
[Round "6"]
[White "Koch, Christian1111"]
[Black "Gorka, Michael"]
[Result "1-0"]
[WhiteElo "1996"]
[BlackElo "1883"]
[PlyCount "57"]
[EventDate "2019.01.03"]
[EventType "swiss"]
[EventRounds "7"]
[EventCountry "GER"]
[SourceTitle "CBM 188 Extra"]
[Source "ChessBase"]
[SourceDate "2019.02.26"]
[SourceVersion "1"]
[SourceVersionDate "2019.02.26"]
[SourceQuality "1"]

1. e4 c5 2. Nf3 d6 3. d4 cxd4 4. Nxd4 Nf6 5. Nc3 a6 6. Be2 Nbd7 7. Be3 e6 8. 0-0 b5 9. a4 b4 10. Nc6 Qc7 11. Nxb4 Bb7 12. Bf3 d5 13. Nxa6 Bxa6 14. exd5 Bxf1 15. dxe6 fxe6 16. Bxa8 Ba6 17. Nb5 Bxb5 18. axb5 Nb6 19. Bc6+ Kf7 20. Ra6 Nc8 21. Qf3 Be7 22. g3 Qe5 23. b6 Nd6 24. b7 Nxb7 25. Bxb7 Qxb2 26. Qc6 e5 27. Qe6+ Kg6 28. Be4+ Kh5 29. Qh3# 1-0

[Event "Oberfranken-ch"]
[Site "Schney"]
[Date "2019.01.04"]
[Round "4"]
[White "Kuhlemann, Claus"]
[Black "Gorka, Michael"]
[Result "0-1"]
[WhiteElo "1783"]
[BlackElo "1883"]
[PlyCount "83"]
[EventDate "2019.01.03"]
[EventType "swiss"]
[EventRounds "7"]
[EventCountry "GER"]
[SourceTitle "CBM 188 Extra"]
[Source "ChessBase"]
[SourceDate "2019.02.26"]
[SourceVersion "1"]
[SourceVersionDate "2019.02.26"]
[SourceQuality "1"]

1. f4 d5 2. Nf3 g6 3. e3 Bg7 4. d4 c5 5. c3 cxd4 6. cxd4 Nf6 7. Nc3 0-0 8. Bd3 Bg4 9. h3 Bd7 10. 0-0 a6 11. Ne5 b5 12. Bd2 Nc6 13. Nxc6 Bxc6 14. b4 Ne8 15. a4 Nd6 16. axb5 axb5 17. Qc2 Nc4 18. Ra2 Rxa2 19. Qxa2 Qb6 20. Bxc4 dxc4 21. Kh2 Ra8 22. Qb2 Qa7 23. Rb1 e6 24. Kg3 Qb7 25. Rg1 Bf8 26. Kf2 Ra6 27. Bc1 Qa8 28. g3 Be7 29. h4 Qf8 30. Na2 Ra4 31. Bd2 Qa8 32. Nc1 Be4 33. Ke1 Ra1 34. Bc3 Rb1 35. Qd2 Qa3 36. Kf2 Bxb4 37. Ne2 Bxc3 38. Qxc3 Qxc3 39. Nxc3 Rb2+ 40. Ke1 Bd3 41. Nxb5 Rxb5 42. Kd2 0-1

[Event "Regionalliga Nord-West 1819"]
[Site "Bayern"]
[Date "2018.12.16"]
[Round "4.8"]
[White "Gorka, Michael"]
[Black "Neuberg, Hans Gerhard"]
[Result "0-1"]
[WhiteElo "1783"]
[BlackElo "1806"]
[PlyCount "50"]
[EventDate "2018.10.21"]
[EventType "team-tourn"]
[EventRounds "9"]
[EventCountry "GER"]
[SourceTitle "EXT 2022"]
[Source "ChessBase"]
[SourceDate "2021.10.06"]
[SourceVersion "1"]
[SourceVersionDate "2021.10.06"]
[SourceQuality "1"]
[WhiteTeam "Hoechstadt/Aisch"]
[BlackTeam "Kronach"]
[WhiteTeamCountry "GER"]
[BlackTeamCountry "GER"]

1. e4 e5 2. Nf3 Nc6 3. Bc4 Be7 4. d4 exd4 5. Nxd4 Bf6 6. c3 Nge7 7. 0-0 0-0 8. Be3 d6 9. Nd2 Bd7 10. Re1 Ne5 11. Be2 Qc8 12. N2f3 Ng4 13. Bf4 Ng6 14. Bg3 Rd8 15. Qc2 h5 16. h3 h4 17. Bh2 Nxh2 18. Nxh2 Nf4 19. Bg4 Be5 20. Bxd7 Qxd7 21. Ng4 Qe7 22. Ne2 Qg5 23. Nxf4 Bxf4 24. Rad1 Re8 25. Rd5 Qxd5 0-1

[Event "Oberfranken-ch"]
[Site "Schney"]
[Date "2018.01.03"]
[Round "2"]
[White "Stephan, Thanh Hai"]
[Black "Gorka, Michael"]
[Result "0-1"]
[WhiteElo "1220"]
[BlackElo "1914"]
[PlyCount "66"]
[EventDate "2018.01.03"]
[EventType "swiss"]
[EventRounds "7"]
[EventCountry "GER"]
[SourceTitle "CBM 182 Extra"]
[Source "ChessBase"]
[SourceDate "2018.02.23"]
[SourceVersion "1"]
[SourceVersionDate "2018.02.23"]
[SourceQuality "1"]

1. d4 e6 2. c4 f5 3. Nc3 Nf6 4. Bg5 Bb4 5. e3 0-0 6. Nge2 b6 7. a3 Be7 8. Nf4 Bb7 9. Bxf6 Bxf6 10. d5 Bxc3+ 11. bxc3 Qf6 12. Qd4 e5 13. Nh5 exd4 14. Nxf6+ Rxf6 15. cxd4 d6 16. Bd3 Nd7 17. 0-0 g6 18. f4 Rf7 19. h3 Re8 20. Rae1 Nf6 21. Kf2 Rfe7 22. Re2 Ne4+ 23. Bxe4 Rxe4 24. Rc1 c5 25. dxc6 Bxc6 26. g4 fxg4 27. hxg4 Bd7 28. g5 Rc8 29. Kf3 Re7 30. Rc3 Bb5 31. Rec2 Rec7 32. e4 Rxc4 33. Rxc4 Rxc4 0-1

[Event "Oberfranken-ch"]
[Site "Schney"]
[Date "2017.01.05"]
[Round "6"]
[White "Kuespert, Helmut"]
[Black "Gorka, Michael"]
[Result "1/2-1/2"]
[WhiteElo "1942"]
[BlackElo "1936"]
[PlyCount "45"]
[EventDate "2017.01.03"]
[EventType "swiss"]
[EventRounds "7"]
[EventCountry "GER"]
[SourceTitle "CBM 176 Extra"]
[Source "ChessBase"]
[SourceDate "2017.03.02"]
[SourceVersion "1"]
[SourceVersionDate "2017.03.02"]
[SourceQuality "1"]

1. e4 c5 2. b4 cxb4 3. d4 d5 4. e5 Nc6 5. a3 Qb6 6. Be3 Bf5 7. Bd3 Bxd3 8. Qxd3 e6 9. Ne2 Nge7 10. 0-0 Nf5 11. c3 bxa3 12. Nxa3 Bxa3 13. Rxa3 0-0 14. Rb1 Qc7 15. Bd2 Na5 16. Bc1 Nc4 17. Rab3 b6 18. g4 Ne7 19. f4 f6 20. exf6 Rxf6 21. Ng3 g6 22. h4 Re8 23. Ra1 1/2-1/2

[Event "Oberfranken-ch"]
[Site "Schney"]
[Date "2017.01.03"]
[Round "1"]
[White "Bauschke, Norman"]
[Black "Gorka, Michael"]
[Result "1/2-1/2"]
[WhiteElo "1625"]
[BlackElo "1936"]
[PlyCount "25"]
[EventDate "2017.01.03"]
[EventType "swiss"]
[EventRounds "7"]
[EventCountry "GER"]
[SourceTitle "CBM 176 Extra"]
[Source "ChessBase"]
[SourceDate "2017.03.02"]
[SourceVersion "1"]
[SourceVersionDate "2017.03.02"]
[SourceQuality "1"]

1. d4 d5 2. e4 dxe4 3. Nc3 e5 4. Be3 Bb4 5. Bc4 exd4 6. Bxd4 Nf6 7. Nge2 0-0 8. 0-0 Bxc3 9. Nxc3 c6 10. Re1 b5 11. Bxf6 Qxd1 12. Raxd1 gxf6 13. Nxb5 1/2-1/2